000 00403nam a2200157 i 4500
001 bg
100 1 _aMICHLIN, S.
245 0 _aVariacionnye metody v matematiceskoj fizike /
_cS. Michlin.
250 _aIzdanie 2 pererabotannoe i dopolnennoe.
260 _aMoskva :
_b"NAUKA",
_c1970.
040 _cBPK
041 _apol
080 _a517
942 _cKS
008 s pl f |000 0 pol
999 _c13206
_d13206
856 _uhttp://koha.tu.koszalin.pl/cgi-bin/koha/opac-detail.pl?biblionumber=13206
_yKatalog online BPK